Регионална библиотека "Любен Каравелов" - Русе

Сърцето на скиталеца отвъд (Запис номер 99473)

MARC детайли
000 -Лидер
Контролно поле с фиксирана дължина 01273nam a2200337 c 4500
003 - Код на организацията, давaща контролен номер
Контролно поле BLK
005 - Дата и час на последна редакция
Контролно поле 20180422105254.0
008 - Елементи от данни с фиксирана дължина
fixed length control field 180409b bul|||||r ||||||| ||bul||
010 ## - Наследен системен номер
LC control number KNG00104480000
020 ## - Международен стандартен номер на книга ISBN
Международен стандартен номер на книга ISBN 954-8826-28-3
-- издат.: Квазар
040 ## - Източник на каталожния запис
Идентификатор на билиотеката - собственик на записа BLK
041 ## - Код за език
Код за езика на текст/звукозапис или на отделно заглавие Български
Код за езика КДБФ Български
080 ## - УДК
Текстов определител УДК Американска литература (на САЩ)
УДК код - определител по УДК 821.111(73)
УДК определител -312.9
УДК - код + определител 821.111(73)-312.9
100 1# - Редна дума - Автор
Автор Джауит, Елайджа
Авторска отговорност първи автор
R(LIN) 60587
139 ## - Редно поле
Редна дума Джауит, Елайджа
Авторски знак Дж - Д 49
245 10 - Сведения за заглавието
Заглавие Сърцето на скиталеца отвъд
Редно поле (дума) Елайджа Джауит; прев. от англ. Елена Павлова.
257 ## - Страна на издаване
Страна на създаване/издаване Съединени американски щати
260 ## - Област на издателските данни
-- София
Име на издателя, разпространителя и проч. Квазар
Година на издаване 2002
Печатница София : Инвестпрес
300 ## - Физическа характеристика
Страници 477 с.
Размери/Мащаб 24 см
380 ## - Жанр
Жанр Худож. лит.
490 1# - СЕРИИ (Колекции)
Име на серия Магичен кристал
№: серия 2
500 ## - Общи забележки
Забележка Ориг. загл. The Wanderer's Heart Yonder / Elijah Jowitt. - Офс. изд.
653 ## - Ключова дума – ненормативна
Ключова дума фантастика
653 ## - Ключова дума – ненормативна
Ключова дума романи
700 1# - Други автори (авторска отговорност)
Лично име Павлова, Елена
Автороска отговорност (Описва отношението между автора и произведението) прев. от англ.
9 (RLIN) 365123
852 ## - Местоположение
Форматна сигнатура Цб 213304
856 4# - Електронен адрес и достъп
Електронен формат pdf - файл
Път до файла /url/
856 4# - Електронен адрес и достъп
Електронен формат pdf - файл
Път до файла /url/
942 ## - АРТИКУЛИ
Вид на библиотечния материал Книги
Скрит в OPAC Не
944 ## - СЪЗДАВАНЕ И РЕДАКЦИЯ на ЗАПИСА
Създаване/Редакция Създаване
Дата на регистрацията/редакция 01.01.2002
Служител, извършил регистрацията/редакцията Людмила_Стоянова
944 ## - СЪЗДАВАНЕ И РЕДАКЦИЯ на ЗАПИСА
Създаване/Редакция Редакция
Дата на регистрацията/редакция 31.05.2004
Служител, извършил регистрацията/редакцията
999 ## - СИСТЕМНИ КОНТРОЛНИ НОМЕРА
Koha biblionumber 99473
Koha biblioitemnumber 99473
Наличности
Код за отписване Код за изгубен артикул Код за повреда Коз за рестрикции Код за отдаване Артикулен № Име на библиотеката - собственик Име на библиотеката, в която се намира в момента Статус (Текущо местоположение) Дата на вписване в системата Местоположение - отдел Цена в лева Инвентарен номер Систематично азбучна сигнатура Баркод Номер на екземпляра Цена в евро Служебна бележка Служебен тип на артикула
Изтеглен Не е изгубен Не е повреден без рестрикции заемане за дома 160221 Регионална библиотека "Любен Каравелов" Русе Регионална библиотека "Любен Каравелов" Русе Заемна - подръчен фонд 2002-12-03 Заемна - подръчен фонд 10.00 120000673592 П 820(73)-31/Д 49 120000673592 1 5.11 Дост: Pk Вид: Ф N: 40 Дата: 02.12.2002 Дата инв: 14.02.2018 Бележки инв: П2018 Книги
  Не е изгубен Не е повреден без рестрикции ползва се в читалня 160222 Регионална библиотека "Любен Каравелов" Русе Регионална библиотека "Любен Каравелов" Русе Хранилище 2004-05-12 Хранилище 9.99 120000685351 Цб 213304 120000685351 2 5.11 Дост: Dp Вид: Д N: 28 Дата: 02.07.2003 Книги
Vip Innovations Ltd, Rousse, Bulgaria 2025